000 00447 a2200169 4500
003 OSt
005 20231009161802.0
008 231009b |||||||| |||| 00| 0 eng d
020 _a9781911590835
040 _coclc
082 _a823.92
_bGIL/S
100 1 _aGilmartin, Sarah
_99730
245 _aSERVICE /
_cSarah Gilmartin
260 _bOne,
_c2023.
300 _a253 p
942 _2ddc
_cBK
_h823.92
_iGIL/S
_k823.92
_mGIL/S
999 _c42619
_d42619